000 00361nam a2200133Ia 4500
008 240624s9999 xx 000 0 und d
041 _aeng
082 _a813 MAR
100 _aMARTIN ESTEMAN
245 _aGAUDI KEY UNLOCK THE SECRET OF THE CENTU
260 _c2008
_aLondon
_bHarperCollins Publishers
300 _avii, : 488 : p. : cm. ; 18
365 _cRS
_b20
999 _c12676
_d12676